[Event "Gibraltar Amateurs B"]
[Site "Gibraltar"]
[Date "2020.01.27"]
[Round "3.13"]
[White "Dumont, Andre"]
[Black "Poggio, Freddie"]
[Result "1-0"]
[WhiteElo "1872"]
[BlackElo "1680"]
[PlyCount "41"]
[EventDate "2020.01.25"]
[EventType "swiss"]
[EventRounds "5"]
[EventCountry "GGB"]
[SourceTitle "BritBase"]
[Source "John Saunders"]
[SourceDate "2021.06.05"]
[SourceVersion "1"]
[SourceVersionDate "2021.06.05"]
[SourceQuality "1"]

1. Nf3 Nf6 2. c4 c5 3. b3 e6 4. Bb2 g6 5. Nc3 Bg7 6. Ne4 d6 7. h4 O-O 8. Ng3
Nc6 9. Qc2 Ne7 10. e3 Nf5 11. Nxf5 exf5 12. Be2 Re8 13. Ng5 a6 14. Nh3 Rb8 15.
Nf4 b5 16. h5 Bb7 17. hxg6 fxg6 18. cxb5 axb5 19. Bxb5 Bxg2 20. Nxg2 Rxb5 21.
Qc4+ 1-0

[Event "Gibraltar Amateurs B"]
[Site "Gibraltar"]
[Date "2020.01.27"]
[Round "3.15"]
[White "Gillis Glastone, Philippe"]
[Black "Cooper, Malcolm H"]
[Result "1/2-1/2"]
[WhiteElo "1654"]
[BlackElo "1847"]
[PlyCount "59"]
[EventDate "2020.01.25"]
[EventType "swiss"]
[EventRounds "5"]
[EventCountry "GGB"]
[SourceTitle "BritBase"]
[Source "John Saunders"]
[SourceDate "2021.06.05"]
[SourceVersion "1"]
[SourceVersionDate "2021.06.05"]
[SourceQuality "1"]

1. d4 Nf6 2. Bf4 d5 3. e3 c5 4. c3 Nc6 5. Nd2 Bf5 6. Qb3 Qd7 7. Ngf3 c4 8. Qd1
e6 9. a4 b6 10. b3 cxb3 11. Nxb3 Be7 12. Ne5 Nxe5 13. dxe5 Qc7 14. exf6 Qxc3+
15. Nd2 Bxf6 16. Bb5+ Kf8 17. Bd6+ Be7 18. Bxe7+ Kxe7 19. Rc1 Qb2 20. Rc7+ Kf6
21. O-O Rac8 22. Rxc8 Rxc8 23. Qa1 Rc2 24. Qxb2+ Rxb2 25. Nf3 e5 26. h3 Ra2 27.
Rc1 Bc2 28. Bc6 Ke6 29. g4 h6 30. Kg2 1/2-1/2

[Event "Gibraltar Amateurs B"]
[Site "Gibraltar"]
[Date "2020.01.27"]
[Round "3.16"]
[White "Moreno Guerrero, Idelfonso"]
[Black "Jacob, Sydney J"]
[Result "0-1"]
[WhiteElo "1597"]
[BlackElo "1816"]
[PlyCount "98"]
[EventDate "2020.01.25"]
[EventType "swiss"]
[EventRounds "5"]
[EventCountry "GGB"]
[SourceTitle "BritBase"]
[Source "John Saunders"]
[SourceDate "2021.06.05"]
[SourceVersion "1"]
[SourceVersionDate "2021.06.05"]
[SourceQuality "1"]

1. d4 d6 2. e4 Nf6 3. Nc3 g6 4. Bc4 Bg7 5. Nge2 a6 6. f3 Nbd7 7. Be3 O-O 8. Qd2
b5 9. Bb3 Bb7 10. a3 c5 11. dxc5 dxc5 12. Rd1 Qc7 13. Bh6 Rad8 14. Bxg7 Kxg7
15. Bd5 Nb6 16. Qf4 Nbxd5 17. exd5 Qxf4 18. Nxf4 g5 19. Nd3 Rc8 20. Ne4 Nxe4
21. fxe4 e6 22. O-O exd5 23. exd5 Bxd5 24. Rf5 Be4 25. Rxg5+ Kh8 26. Rxc5 Bxd3
27. Rxc8 Rxc8 28. Rxd3 Rxc2 29. b4 Rc6 30. Kf2 Kg8 31. Rg3+ Kf8 32. Rh3 Kg7 33.
Rg3+ Kf6 34. Rf3+ Ke7 35. Rd3 Rc2+ 36. Kg3 Ke6 37. Re3+ Kd5 38. h4 Kd4 39. Kf4
Rxg2 40. Rb3 Rf2+ 41. Rf3 Rxf3+ 42. Kxf3 Ke5 43. Kg4 h6 44. Kf3 f5 45. Ke3 f4+
46. Kf3 Kf5 47. Kf2 Kg4 48. Kg2 Kxh4 49. Kf3 Kg5 0-1

[Event "Gibraltar Amateurs B"]
[Site "Gibraltar"]
[Date "2020.01.27"]
[Round "3.20"]
[White "Oueld El Hachemi, Abdelhaq"]
[Black "Postigo Jimenez, Fernando"]
[Result "1-0"]
[WhiteElo "1788"]
[BlackElo "1597"]
[PlyCount "41"]
[EventDate "2020.01.25"]
[EventType "swiss"]
[EventRounds "5"]
[EventCountry "GGB"]
[SourceTitle "BritBase"]
[Source "John Saunders"]
[SourceDate "2021.06.05"]
[SourceVersion "1"]
[SourceVersionDate "2021.06.05"]
[SourceQuality "1"]

1. d4 Nf6 2. g3 g6 3. Bg2 d5 4. Nf3 Bg7 5. O-O O-O 6. Re1 Bf5 7. Nbd2 Ne4 8.
Nh4 Qd7 9. Nxf5 Qxf5 10. Nxe4 dxe4 11. Bf4 Nc6 12. c3 e5 13. dxe5 Nxe5 14. Qa4
c6 15. Bxe4 Qe6 16. Bc2 Qh3 17. Bxe5 Bxe5 18. Rad1 Qe6 19. Bb3 Qe7 20. Qg4 Rad8
21. h4 1-0

[Event "Gibraltar Amateurs B"]
[Site "Gibraltar"]
[Date "2020.01.27"]
[Round "3.21"]
[White "Dennis, Nigel W"]
[Black "Dhanwani, Aditya"]
[Result "1-0"]
[WhiteElo "1784"]
[BlackElo "1565"]
[PlyCount "103"]
[EventDate "2020.01.25"]
[EventType "swiss"]
[EventRounds "5"]
[EventCountry "GGB"]
[SourceTitle "BritBase"]
[Source "John Saunders"]
[SourceDate "2021.06.05"]
[SourceVersion "1"]
[SourceVersionDate "2021.06.05"]
[SourceQuality "1"]

1. e4 e6 2. d4 d5 3. Nc3 dxe4 4. Nxe4 Nd7 5. Nf3 Ngf6 6. Nxf6+ Nxf6 7. Be2 c5
8. O-O cxd4 9. Qxd4 Qxd4 10. Nxd4 a6 11. Bf4 Bc5 12. Nb3 Be7 13. Bf3 a5 14.
Rad1 O-O 15. Bd6 Bxd6 16. Rxd6 Nd7 17. Rfd1 Ne5 18. Be2 Nc6 19. c3 Ne5 20. a4
Bd7 21. Rxd7 Nxd7 22. Rxd7 b6 23. f4 Rfd8 24. Rxd8+ Rxd8 25. Kf2 Kf8 26. Ke3
Ke7 27. g3 Kf6 28. Nd4 g5 29. fxg5+ Kxg5 30. Nf3+ Kf6 31. b4 axb4 32. cxb4 Ra8
33. Bb5 Ke7 34. Ne5 Rc8 35. Nc4 Rb8 36. Ke4 f6 37. Kd4 Rd8+ 38. Kc3 Rb8 39. Bc6
Kd8 40. Bf3 Kc7 41. Na3 Rd8 42. a5 bxa5 43. bxa5 Kb8 44. Nb5 Rc8+ 45. Kb3 Rc5
46. Kb4 Rc1 47. a6 Ra1 48. a7+ Rxa7 49. Nxa7 Kxa7 50. Kc5 e5 51. Kd5 h5 52.
Bxh5 1-0

[Event "Gibraltar Amateurs B"]
[Site "Gibraltar"]
[Date "2020.01.27"]
[Round "3.23"]
[White "Henderson, Se"]
[Black "Martos Amiguet, Valentina"]
[Result "0-1"]
[WhiteElo "1517"]
[BlackElo "1745"]
[PlyCount "58"]
[EventDate "2020.01.25"]
[EventType "swiss"]
[EventRounds "5"]
[EventCountry "GGB"]
[SourceTitle "BritBase"]
[Source "John Saunders"]
[SourceDate "2021.06.05"]
[SourceVersion "1"]
[SourceVersionDate "2021.06.05"]
[SourceQuality "1"]

1. d4 d5 2. e3 Nf6 3. Bd3 e6 4. f4 c5 5. c3 c4 6. Bc2 Ne4 7. Nf3 Nc6 8. Nbd2
Nf6 9. Ne5 Qc7 10. O-O Be7 11. e4 O-O 12. Nxc6 Qxc6 13. e5 Ne4 14. Qe2 Nxd2 15.
Bxd2 g6 16. Rf3 b5 17. Raf1 a5 18. g4 Kh8 19. f5 exf5 20. gxf5 gxf5 21. Bxf5
Bxf5 22. Rxf5 Qg6+ 23. Kh1 b4 24. Qf3 bxc3 25. bxc3 Rab8 26. Qxd5 Rb2 27. Be1
Rg8 28. Rxf7 Rxh2+ 29. Kxh2 Qh5+ 0-1

[Event "Gibraltar Amateurs B"]
[Site "Gibraltar"]
[Date "2020.01.27"]
[Round "3.24"]
[White "Sagar, Siya"]
[Black "Naldrett, Geoffrey"]
[Result "1-0"]
[WhiteElo "1740"]
[BlackElo "1526"]
[PlyCount "75"]
[EventDate "2020.01.25"]
[EventType "swiss"]
[EventRounds "5"]
[EventCountry "GGB"]
[SourceTitle "BritBase"]
[Source "John Saunders"]
[SourceDate "2021.06.05"]
[SourceVersion "1"]
[SourceVersionDate "2021.06.05"]
[SourceQuality "1"]

1. e4 c6 2. d4 d5 3. Nc3 dxe4 4. Nxe4 Bf5 5. Ng3 Bg6 6. N1e2 h6 7. Nf4 Bh7 8.
Bc4 Nf6 9. c3 Bg8 10. O-O e6 11. Re1 Be7 12. Qe2 Nbd7 13. Nfh5 g6 14. Nxf6+
Nxf6 15. Bf4 Qd7 16. Be5 Rh7 17. Ne4 Nxe4 18. Qxe4 O-O-O 19. b4 Bd6 20. a4 Bxe5
21. Qxe5 Qd6 22. Qa5 Kb8 23. b5 Qc7 24. Qb4 Qd6 25. Qb2 f6 26. Qc2 Rg7 27. Qe4
Re8 28. Rab1 Kc7 29. bxc6 bxc6 30. Ba6 Ree7 31. g3 Qd5 32. Qf4+ e5 33. Qxf6 Be6
34. Rb7+ Kd6 35. dxe5+ Kc5 36. Rxe7 Bh3 37. Bf1 Bxf1 38. Rxf1 1-0

[Event "Gibraltar Amateurs B"]
[Site "Gibraltar"]
[Date "2020.01.27"]
[Round "3.29"]
[White "Leimeister, Winfried"]
[Black "Apps, Ian"]
[Result "1-0"]
[WhiteElo "1838"]
[BlackElo "1308"]
[PlyCount "50"]
[EventDate "2020.01.25"]
[EventType "swiss"]
[EventRounds "5"]
[EventCountry "GGB"]
[SourceTitle "BritBase"]
[Source "John Saunders"]
[SourceDate "2021.06.05"]
[SourceVersion "1"]
[SourceVersionDate "2021.06.05"]
[SourceQuality "1"]

1. e4 Nf6 2. d3 d6 3. g3 Be6 4. f4 g6 5. Bg2 Nc6 6. Nf3 Bg7 7. c3 Bg4 8. h3
Bxf3 9. Qxf3 e6 10. Na3 d5 11. O-O O-O 12. Nc2 Rb8 13. Be3 b6 14. Rad1 Ne7 15.
g4 Qc8 16. Qe2 Qa6 17. Rfe1 Qxa2 18. Nb4 Qa5 19. Ra1 Qb5 20. Rxa7 Ne8 21. d4
Qd7 22. Rea1 Nc6 23. Qb5 Nd6 24. Qxc6 Qxc6 25. Nxc6 Nb5 1-0

[Event "Gibraltar Amateurs B"]
[Site "Gibraltar"]
[Date "2020.01.27"]
[Round "3.30"]
[White "Murray, J Stephen"]
[Black "Reyes, Craig"]
[Result "1-0"]
[WhiteElo "1731"]
[BlackElo "1240"]
[PlyCount "93"]
[EventDate "2020.01.25"]
[EventType "swiss"]
[EventRounds "5"]
[EventCountry "GGB"]
[SourceTitle "BritBase"]
[Source "John Saunders"]
[SourceDate "2021.06.05"]
[SourceVersion "1"]
[SourceVersionDate "2021.06.05"]
[SourceQuality "1"]

1. e4 d5 2. exd5 Nf6 3. Bb5+ c6 4. dxc6 Nxc6 5. Nf3 Bd7 6. d4 e6 7. O-O Be7 8.
c4 O-O 9. Nc3 a6 10. Ba4 Bd6 11. Bg5 Be7 12. Re1 Ne8 13. Bxe7 Nxe7 14. Bxd7
Qxd7 15. Ne5 Qd8 16. d5 Qb6 17. Nd7 Qxb2 18. Qb3 Qxb3 19. axb3 Ng6 20. dxe6
fxe6 21. Nxf8 Nxf8 22. Ne4 Nc7 23. Rad1 b5 24. cxb5 Nxb5 25. g3 h6 26. Nc5 Kf7
27. Nd7 Nc3 28. Rd3 Nd5 29. Rf3+ Nf6 30. Nxf6 gxf6 31. Ra1 Nd7 32. Rc3 Kg6 33.
Rc6 a5 34. Rxe6 a4 35. bxa4 Nc5 36. Rc6 Nb3 37. Ra3 Nd4 38. Rc4 Nb5 39. axb5
Rxa3 40. Rb4 Ra8 41. b6 Rb8 42. b7 Kf5 43. Kg2 Ke5 44. Kf3 f5 45. Rb5+ Kf6 46.
Kf4 Kg6 47. h4 1-0

[Event "Gibraltar Amateurs B"]
[Site "Gibraltar"]
[Date "2020.01.27"]
[Round "3.34"]
[White "Maloney, Harry"]
[Black "Izzard, Brian J"]
[Result "1-0"]
[WhiteElo "1328"]
[BlackElo "1626"]
[PlyCount "71"]
[EventDate "2020.01.25"]
[EventType "swiss"]
[EventRounds "5"]
[EventCountry "GGB"]
[SourceTitle "BritBase"]
[Source "John Saunders"]
[SourceDate "2021.06.05"]
[SourceVersion "1"]
[SourceVersionDate "2021.06.05"]
[SourceQuality "1"]

1. d4 d5 2. Nf3 Nf6 3. Bg5 e6 4. e3 Be7 5. Nbd2 O-O 6. Bd3 Nbd7 7. c3 c5 8. O-O
a6 9. Qc2 c4 10. Be2 Re8 11. Rae1 b5 12. Bxf6 Bxf6 13. e4 e5 14. dxe5 Nxe5 15.
Nxe5 Bxe5 16. exd5 Bb7 17. Bf3 Qc7 18. g3 Rad8 19. Bg2 Bxd5 20. Bxd5 Rxd5 21.
f4 Qc5+ 22. Kh1 Red8 23. Ne4 Qb6 24. fxe5 Rd3 25. Rd1 Qc6 26. Rde1 Rd2 27. Qc1
h5 28. Kg1 Qb6+ 29. Rf2 R2d3 30. Kf1 Qe6 31. Ng5 Qd5 32. Kg1 Qc5 33. Qf4 Rd2
34. Qxf7+ Kh8 35. Qxh5+ Kg8 36. Qh7# 1-0

[Event "Gibraltar Amateurs B"]
[Site "Gibraltar"]
[Date "2020.01.27"]
[Round "3.36"]
[White "White, Gary"]
[Black "Harbinson, Alec Ryan"]
[Result "1-0"]
[WhiteElo "1608"]
[BlackElo "1141"]
[PlyCount "61"]
[EventDate "2020.01.25"]
[EventType "swiss"]
[EventRounds "5"]
[EventCountry "GGB"]
[SourceTitle "BritBase"]
[Source "John Saunders"]
[SourceDate "2021.06.05"]
[SourceVersion "1"]
[SourceVersionDate "2021.06.05"]
[SourceQuality "1"]

1. f4 d5 2. Nf3 Bf5 3. d3 e6 4. e3 Nf6 5. Be2 Be7 6. O-O O-O 7. Ne5 Nfd7 8.
Nxd7 Qxd7 9. Nd2 h6 10. e4 Bh7 11. Qe1 Bc5+ 12. Kh1 c6 13. g4 Na6 14. c3 Be3
15. g5 hxg5 16. fxg5 Bxg5 17. Qg3 f6 18. Nf3 Bxc1 19. Raxc1 dxe4 20. dxe4 Bxe4
21. Rcd1 Qc7 22. Qh4 Bxf3+ 23. Rxf3 Rad8 24. Rg1 Rf7 25. Rh3 Kf8 26. Bh5 Rfd7
27. Bg4 Ke7 28. Re3 Rd6 29. Bxe6 Rxe6 30. Rxg7+ Kd6 31. Qd4# 1-0